|
|
|
|
| LEADER |
01071cam a2200313 a 4500 |
| 001 |
nkc20142648175 |
| 003 |
CZ PrNK |
| 005 |
20191205135715.0 |
| 007 |
ta |
| 008 |
150413s2014 xr a g 000 p cze d |
| 015 |
|
|
|a cnb002648175
|
| 020 |
|
|
|a 978-80-7272-643-1
|q (brož.)
|
| 035 |
|
|
|a (OCoLC)908820904
|
| 040 |
|
|
|a KLG001
|b cze
|d BOA001
|d ABA001
|
| 072 |
|
7 |
|a 821.162.3-1
|x Česká poezie
|2 Konspekt
|9 25
|
| 080 |
|
|
|a 821.162.3-1
|2 MRF
|
| 080 |
|
|
|a (0:82-1)
|2 MRF
|
| 100 |
1 |
|
|a Maršálek, Michal,
|d 1949-2023
|7 mzk2007401174
|4 aut
|
| 245 |
1 |
0 |
|a Černá bere :
|b 2008-2009 /
|c Michal Maršálek ; [výtvarný doprovod ... Jiří Kývala]
|
| 260 |
|
|
|a V Praze ;
|a Podlesí :
|b Dauphin,
|c 2014
|
| 300 |
|
|
|a 80 s. :
|b il. ;
|c 19 cm
|
| 655 |
|
7 |
|a česká poezie
|7 fd133958
|2 czenas
|
| 655 |
|
9 |
|a Czech poetry
|2 eczenas
|
| 700 |
1 |
|
|a Kývala, Jiří,
|d 1975-
|7 jn20031023005
|4 ill
|
| 910 |
2 |
|
|a BOA001
|b 1-1339.302
|
| 990 |
|
|
|a BK
|
| 995 |
|
|
|a 01
|
| 991 |
|
|
|b 201501
|c NOV
|e b
|
| 996 |
6 |
|
|b 2610617458
|c 1-1339.302
|l MZK
|r Sklad / do 1 hodiny
|n 3
|p p.v.
|w 001481217
|u 000010
|a 1
|e BOA001
|j MZK50
|s P
|